| 000 | 01477cam a22003974i 4500 | ||
|---|---|---|---|
| 003 | PE-LiUPU | ||
| 005 | 20250731183359.0 | ||
| 008 | 150623s r 000 0 d | ||
| 020 | _a0299970701 | ||
| 035 | _a(Sirsi) i9780299970703 | ||
| 040 |
_aPE-LiUPU _bspa _cPE-LiUPU _erda |
||
| 049 | _aPRUA | ||
| 082 | 0 | 4 |
_a709.956 _bI62 _223 |
| 245 | 0 | 0 |
_aInvestigating artistic environments in the ancient Near East / _ceditado por Ann C. Gunter. |
| 264 | 1 |
_aWashington, DC : _bSmithsonian Institution, _c1990. |
|
| 300 |
_a153 páginas : _bilustraciones láms. ; _c25.5 centímetros |
||
| 336 |
_atext _2rdacontent |
||
| 337 |
_aunmediated _2rdamedia |
||
| 338 |
_avolume _2rdacarrier |
||
| 504 | _aBibliografía al final de cada artículo. | ||
| 505 | 0 | _aIntroduction. -Social contexts of ancient Near Eastern art. -Identifyng the processes of artistic production. -Commentary. | |
| 526 | _aP158 | ||
| 526 | _aP146 | ||
| 526 | _aP17 | ||
| 526 | _aP12 | ||
| 526 | _aP06 | ||
| 650 | 0 | 4 |
_aArte _zOriente Cercano |
| 650 | 0 | 4 |
_aArte, antiguo _zOriente Cercano |
| 650 | 0 | 4 |
_aOriente Cercano _xAntigüedades _xCongresos. |
| 700 | 1 |
_aGunter, Ann Clyburn, _d1951-. |
|
| 710 | 2 | _aArthur M. Sackler Gallery (Smithsonian Institution) | |
| 942 |
_2ddc _cBK _n0 |
||
| 949 |
_a709.956 I62 _wDEWEY _c1 _i44959 _lCCODEBUL1 _mBUL _r0 _sY _tBOOK _u2015-6-24 _xTEOLOGIA _0COMPRA _o.STAFF. Colección General |
||
| 999 |
_c21835 _d21835 |
||
| 980 |
_81 _gALBERTO SANCHEZ Responsable de Automatización |
||